| 000 | 00499nam a22001817a 4500 | ||
|---|---|---|---|
| 003 | CEME | ||
| 005 | 20210628202018.0 | ||
| 008 | 210223b xxu||||| |||| 00| 0 eng d | ||
| 020 | _a0-07-460294-2 | ||
| 040 | _c. | ||
| 082 | _a005.74 PRA | ||
| 100 |
_aPrakash, Naveen _957878 |
||
| 245 | _aIntroduction to data base management | ||
| 260 |
_aNEW DELHI _bTATA MCGRAW HILL _c2000 |
||
| 300 | _aXII,302P | ||
| 650 |
_aDATA BASE MANAGEMENT-INTRODUCTION DATABASE MANAGEMENT _957879 |
||
| 942 |
_cBK _2ddc |
||
| 999 |
_c568122 _d568122 |
||